[Event "EU-chT Seniors 50"]
[Site "Novi Sad"]
[Date "2017.06.28"]
[Round "4.1"]
[White "Mutlak, Zoran"]
[Black "Hammar, Bengt Erik"]
[Result "0-1"]
[WhiteElo "1987"]
[BlackElo "2171"]
[PlyCount "52"]
[EventDate "2017.06.25"]
[EventType "team-tourn"]
[EventRounds "9"]
[EventCountry "SRB"]
[SourceTitle "CBM 179 Extra"]
[Source "ChessBase"]
[SourceDate "2017.08.23"]
[SourceVersion "1"]
[SourceVersionDate "2017.08.23"]
[SourceQuality "1"]
[WhiteTeam "Serbia Promocia 50"]
[BlackTeam "Sweden 50"]
[WhiteTeamCountry "SRB"]
[BlackTeamCountry "SWE"]

1. d4 Nf6 2. c4 g6 3. Nc3 Bg7 4. e4 d6 5. Nf3 0-0 6. Be2 e5 7. 0-0 Nbd7 8. Bg5 h6 9. Bh4 c6 10. Rc1 g5 11. Bg3 Nh5 12. d5 c5 13. Nd2 Nf4 14. Re1 Nxe2+ 15. Qxe2 f5 16. exf5 Nf6 17. Nf1 Bxf5 18. Ne3 Bg6 19. Ng4 Nxg4 20. Qxg4 h5 21. Qd1 h4 22. Re3 hxg3 23. Rxg3 Rf4 24. Qb3 Qe7 25. Nd1 Raf8 26. Qe3 e4 0-1

[Event "EU-chT Seniors 50"]
[Site "Novi Sad"]
[Date "2017.06.26"]
[Round "2.2"]
[White "Mutlak, Zoran"]
[Black "Bellia, Fabrizio"]
[Result "0-1"]
[WhiteElo "1987"]
[BlackElo "2432"]
[PlyCount "76"]
[EventDate "2017.06.25"]
[EventType "team-tourn"]
[EventRounds "9"]
[EventCountry "SRB"]
[SourceTitle "CBM 179 Extra"]
[Source "ChessBase"]
[SourceDate "2017.08.23"]
[SourceVersion "1"]
[SourceVersionDate "2017.08.23"]
[SourceQuality "1"]
[WhiteTeam "Serbia Promocia 50"]
[BlackTeam "Italy 50"]
[WhiteTeamCountry "SRB"]
[BlackTeamCountry "ITA"]

1. d4 Nf6 2. c4 e6 3. Nc3 Bb4 4. Bd2 0-0 5. a3 Bxc3 6. Bxc3 d5 7. g3 b6 8. Bg2 Ba6 9. Rc1 Re8 10. c5 bxc5 11. dxc5 c6 12. Nf3 Nbd7 13. Nd4 Qc8 14. b4 Nf8 15. h4 e5 16. Bh3 Qc7 17. Nf5 Ne4 18. Bg2 Nxc3 19. Rxc3 e4 20. 0-0 Qe5 21. Nd4 Ne6 22. Nxe6 Rxe6 23. Rc1 f5 24. Qd2 Rf8 25. Bh3 Rg6 26. e3 f4 27. exf4 Rxf4 28. Bg2 Rf8 29. Rfe1 Qf5 30. Rc2 Bd3 31. Rb2 d4 32. Rb3 Rgf6 33. Rb2 h6 34. Ra1 Qe5 35. Rd1 Rxf2 36. Qe1 Rxb2 37. Rxd3 e3 38. Bxc6 Rff2 0-1

[Event "EU-chT Seniors 50"]
[Site "Novi Sad"]
[Date "2017.06.25"]
[Round "1.2"]
[White "Mutlak, Zoran"]
[Black "Ristic, Nenad"]
[Result "0-1"]
[WhiteElo "1987"]
[BlackElo "2392"]
[PlyCount "100"]
[EventDate "2017.06.25"]
[EventType "team-tourn"]
[EventRounds "9"]
[EventCountry "SRB"]
[SourceTitle "CBM 179 Extra"]
[Source "ChessBase"]
[SourceDate "2017.08.23"]
[SourceVersion "1"]
[SourceVersionDate "2017.08.23"]
[SourceQuality "1"]
[WhiteTeam "Serbia Promocia 50"]
[BlackTeam "Serbia 50"]
[WhiteTeamCountry "SRB"]
[BlackTeamCountry "SRB"]

1. d4 Nf6 2. c4 c5 3. d5 b5 4. Nc3 b4 5. Na4 e6 6. Bg5 h6 7. Bh4 Bb7 8. dxe6 fxe6 9. e3 Qa5 10. Bxf6 gxf6 11. Qh5+ Kd8 12. b3 Qc7 13. Nf3 Be7 14. Rd1 Kc8 15. Qf7 Qd8 16. Qh5 Qe8 17. Qh3 Nc6 18. Be2 Ne5 19. Nxe5 fxe5 20. Bf3 e4 21. Bh5 Qg8 22. 0-0 Bc6 23. Nb2 Qg7 24. Rd2 Kc7 25. Rfd1 Raf8 26. Na4 Rf5 27. Be2 Rhf8 28. Bf1 Rg5 29. g3 Qg6 30. a3 bxa3 31. Nc3 a6 32. Ne2 Qf5 33. Nf4 Rb8 34. Rb1 Bf6 35. Qxf5 Rxf5 36. Ne2 Bb2 37. Nc1 Rff8 38. Be2 Bxc1 39. Rxc1 Rxb3 40. Ra2 Rb2 41. Rca1 Rfb8 42. Bh5 Rxa2 43. Rxa2 Rb3 44. Kg2 d5 45. Bf7 Kd6 46. g4 d4 47. h4 dxe3 48. fxe3 Rxe3 49. g5 hxg5 50. hxg5 Rb3 0-1